00361nam a22001337a 450000500170000000800410001704100120005808200120007010000120008224500300009426000460012430000310017065000260020120240731115745.0240731b |||||||| |||| 00| 0 eng d aEnglish a349 SOU lEnglish aSouth African Law Reports aCape Town: bJuta and Company Ltd, c1929 bxvii, 512 pages; c26 cm.  aLegal practice bLaw